MDQL
is popping MORE tags! Check the
thread
!
Quizzes
Events
Quiz Creation
Community
Videos
Private Events
Remove Ads
Sign In
Join for FREE
Feedback
Dark Mode
Quiz Categories
Sports
Geography
Music
Movies
Television
Just For Fun
Miscellaneous
History
Literature
Language
Science
Gaming
Entertainment
Religion
Holiday
For Kids
Quiz Lab
Recent
Popular Today
Quiz Kudos Today
Editor Picks
Curator Picks
Quizzes by...
Day
Popularity
Type
Ratings
Length
Year
Community
Subscriptions
Recent Discussions
Orange Saloon
Badges
Playlists
Quests
Create
Leaderboards
Showdown
Live 5
Trivia Bingo
Activity
Puzzle Library
Sporcle Events
Private Events
Virtual Trivia
Globe League
Become a Host
Pub Owners
SporcleCon
Opinionation
Our Games
Videos
Blog
Mobile Apps
Partnerships
Remove Ads and Go Orange
Feedback
Science
Computer
Plants
Astronomy
Chemistry
Elements
Math
Animal
Physics
Anatomy
Biology
Geology
General Science
Science
Computer
Plants
Astronomy
Chemistry
Elements
Math
Animal
Physics
Anatomy
Biology
Geology
General Science
Random Quiz
Search Sporcle
×
Quiz Lab
Quiz Lab
Science
Clickable
Select answers by clicking on text or image buttons
Select answers by clicking on text or image buttons
Clickable
Best Score? Go Orange.
Snakes of Eastern North America (part 1) Stats
Can you pick the Snakes of Eastern North America?
By
stgodfrey
15m
47 Questions
30 Plays
30 Plays
30 Plays
Comments
Comments
Give Quiz Kudos
Give Quiz Kudos
-
- Ratings
hide this ad
Forced Order
Answers have to be entered in order
Answers have to be entered in order
Replay
Link that replays current quiz
Next Quiz
Link to next quiz in quiz playlist
You Got
0%
They Got
Avg Score
61%
Avg Friend Score
Upgrade to see
Score Distribution
Jump to the score distribution portion of the page
Score
0/47
Timer
15:00
0
Plays Today
% Correct
Opheodrys aestivus
86.7%
Drymarchon couperi
83.3%
Pantherophis bairdi
83.3%
Cemophora coccinea
80%
Coluber constrictor
80%
Coluber flagellum
80%
Lampropeltis elapsoides
80%
Opheodrys vernalis
80%
Coluber schotti
76.7%
Lampropeltis getula
76.7%
Lampropeltis triangulum
76.7%
Pantherophis guttatus
76.7%
Pituophis melanoleucus
76.7%
Drymarchon melanurus
73.3%
Lampropeltis nigra
73.3%
Pantherophis obsoletus
73.3%
Pituophis catenifer
73.3%
Pituophis ruthveni
73.3%
Arizona elegans
70%
Lampropeltis holbrooki
70%
Lampropeltis extenuata
70%
Lampropeltis calligaster
66.7%
Lampropeltis splendida
66.7%
Rhinocheilus lecontei
66.7%
% Correct
Lampropeltis alterna
63.3%
Pantherophis alleghaniensis
63.3%
Rena dulcis
60%
Tantilla relicta
60%
Bogertophis subocularis
56.7%
Pantherophis emoryi
56.7%
Coluber taeniatus
53.3%
Lampropeltis gentilis
53.3%
Trimorphodon vilkinsonii
53.3%
Drymobius margaritiferus
50%
Sonora semiannulata
50%
Tantilla coronata
50%
Lampropeltis annulata
46.7%
Pantherophis ramspotti
46.7%
Pantherophis spiloides
46.7%
Salvadora grahamiae
46.7%
Tantilla gracilis
46.7%
Salvadora deserticola
43.3%
Gyalopion canum
40%
Tantilla nigriceps
36.7%
Ficimia streckeri
33.3%
Tantilla atriceps
23.3%
Tantilla cucullata
20%
Quiz Playlist
Details
Report
Send in Message
Add To Playlist
Clickable:
Select answers by clicking on text or image buttons
Forced Order:
Answers have to be entered in order
Last Updated: Aug 11, 2022
Quiz Scoreboard
CHALLENGE
Sign Up to Join the Scoreboard
Show All
Scores
Hide
Comments
May contain spoilers
Recently Published
Colored Red Africa Blitz
by spor1
Geography
30s
Find the 'City' Movie
by crazypaving
Movies
60s
5x2 Blitz: Bands
by SL_Kpop136
Music
30s
More to Explore
Quiz From the Vault
Featured Blog Post
14 Easter Pick-up Lines to Find Eggs With
hide this ad
You Might Also Like...
Tags
Clickable Quiz
America
Eastern
snake
Today's Top Quizzes in Science
Browse Science
hide this ad
Today's Top Quizzes in Clickable
Browse Clickable
Top Contributed Quizzes in Science
1
Glycolysis
2
'C' Flowers II
3
Sorting Squares: Animals by Continent
4
Square Numbers Scrambled (1-50)
5
Amino Acid Groups
6
Get the Picture: Gas Welding Flames
7
Medical Terminology Roots
8
ϛoRͲ1nℊ Blitz: Common Stuff
9
Glycolysis - Substrates (fill in the blank)
10
Call A Doctor! Ailments 7-to-1
Explore More
Trending Topics
NBA
Anime
Disney
Marvel
Kpop
Crossword
Harry Potter
Puzzle
Country
Pokémon
The Office
NFL
Soccer
WWE
Song
hide this ad
More By:
stgodfrey
Quiz
Plays
Rating
Category
Featured
Created
Turtle Families of the World
69
5.00
Science
Nov 6, 2016
Snake Families of the World
64
5.00
Science
Nov 16, 2016
Frog Families of the World
57
4.00
Science
Nov 6, 2016
Lizard Families of the World
57
5.00
Science
Nov 16, 2016
Crocodilians of Eastern North America
36
5.00
Science
Nov 24, 2016
Go to Creator's Profile
Score Distribution
Quiz Creator Spotlight
stgodfrey
Follow
Send a Message
Quizzes Created
-
Created Quiz Play Count
-
More By This Creator
Popular Quizzes Today
1
Find the 'City' Movie
2
5x2 Blitz: Bands
3
Colored Red Africa Blitz
4
Find the US States - No Outlines Minefield
5
The Countries of the World
6
Find the US States
7
9x9 Crossword: Cartoon Network
8
US States
More Science Quizzes
Christmas Pick: Geology
Quiz Lab
Trending Quizzes
Colored Red Europe Blitz I
Colored Red Africa Blitz II
Colored Red Europe Blitz III
Colored Red Europe Blitz II
Colored Red Africa Blitz III
Recently Updated
Champions League XIs: Real Madrid
pecheneg
Largest US Cities 1790-2010
pecheneg
Rides in Walt Disney World
pecheneg
Most Oscar Losses (Acting)
pecheneg
Beyoncé Albums
pecheneg
Leaping Animals
pecheneg
Reality TV Shows (A-Z)
bhenderson79
Rickey Henderson's Hall of Fame Teammates
pecheneg
Champions League XIs: Arsenal
pecheneg
Quick Pick: Celebrities in WWE's Hall of Fame
aduchscher
Trending Topics
Crossword
Disney
Harry Potter
Anime
Marvel
Kpop
NBA
The Office
NFL
WWE
Song
Puzzle
Soccer
Country
Pokémon
Your Account Isn't Verified!
In order to create a playlist on Sporcle, you need to verify the email address you used during registration. Go to your
Sporcle Settings
to finish the process.
Report this User
Report this user for behavior that violates our
Community Guidelines
.
Details:
Send Report
Go to the Sporcle.com Mobile Site →
Comments